Periodensystem Deutsch - Statistiken

Allgemein
  • Dieses Quiz wurde 477 mal gespielt
  • Das Durchschnittsergebnis liegt bei 52 aus 127
Antwortstatistiken
# Symbol Element % Korrekt
2 He Helium
98%
1 H Wasserstoff
98%
3 Li Lithium
95%
12 Mg Magnesium
95%
8 O Sauerstoff
94%
26 Fe Eisen
93%
11 Na Natrium
92%
79 Au Gold
90%
13 Al Aluminium
88%
17 Cl Chlor
88%
6 C Kohlenstoff
88%
47 Ag Silber
88%
7 N Stickstoff
87%
29 Cu kupfer
85%
30 Zn Zink
83%
35 Br Brom
82%
28 Ni Nickel
82%
16 S Schwefel
82%
19 K Kalium
81%
10 Ne Neon
80%
18 Ar Argon
79%
5 B Bor
78%
54 Xe Xenon
78%
20 Ca Calcium
76%
15 P Phosphor
76%
50 Sn Zinn
75%
9 F Fluor
74%
92 U Uran
73%
27 Co Cobalt
72%
22 Ti Titan
69%
82 Pb Blei
68%
14 Si Silicium
68%
24 Cr Chrom
63%
31 Ga Gallium
63%
33 As Arsen
62%
4 Be Beryllium
62%
53 I Iod
62%
32 Ge Germanium
61%
25 Mn Mangan
61%
34 Se Selen
59%
56 Ba Barium
54%
36 Kr Krypton
54%
80 Hg Quecksilber
53%
86 Rn Radon
52%
78 Pt Platin
50%
99 Es Einsteinium
47%
74 W Wolfram
47%
94 Pu Plutonium
46%
88 Ra Radium
45%
55 Cs Caesium
44%
110 Ds Darmstadtium
42%
76 Os Osmium
41%
23 V Vanadium
41%
77 Ir Iridium
40%
37 Rb Rubidium
40%
48 Cd Cadmium
39%
39 Y Yttrium
39%
49 In Indium
38%
42 Mo Molybdän
37%
84 Po Polonium
36%
104 Rf Rutherfordium
36%
21 Sc Scandium
36%
87 Fr Francium
35%
52 Te Tellur
35%
46 Pd Palladium
34%
45 Rh Rhodium
33%
83 Bi Bismut
32%
41 Nb Niob
31%
38 Sr Strontium
30%
93 Np Neptunium
29%
85 At Astat
28%
63 Eu Europium
27%
98 Cf Californium
26%
58 Ce Cer
26%
72 Hf Hafnium
25%
73 Ta Tantal
24%
43 Tc Technetium
23%
95 Am Americium
22%
51 Sb Antimon
22%
57 La Lanthan
22%
40 Zr Zirconium
22%
44 Ru Ruthenium
21%
70 Yb Ytterbium
20%
68 Er Erbium
19%
108 Hs Hassium
19%
81 Tl Thallium
19%
90 Th Thorium
19%
103 Lr Lawrencium
18%
96 Cm Curium
17%
67 Ho Holmium
17%
60 Nd Neodym
17%
102 No Nobelium
17%
75 Re Rhenium
17%
107 Bh Bohrium
15%
101 Md Mendelevium
15%
118 Og Oganesson
15%
111 Rg Roentgenium
15%
89 Ac Actinium
14%
100 Fm Fermium
14%
71 Lu Lutetium
14%
109 Mt Meitnerium
14%
97 Bk Berkelium
13%
105 Db Dubnium
13%
115 Mc Moscovium
13%
61 Pm Promethium
13%
117 Ts Tenness
12%
65 Tb Terbium
12%
116 Lv Livermorium
11%
113 Nh Nihonium
11%
59 Pr Praseodym
11%
62 Sm Samarium
11%
106 Sg Seaborgium
11%
66 Dy Dysprosium
10%
114 Fl Flerovium
10%
64 Gd Gadolinium
10%
91 Pa Protactinium
10%
69 Tm Thulium
10%
112 Cn Copernicium
9%
122 Ubb Unbibium
2%
126 Ubh Unbihexium
2%
125 Ubp Unbipentium
2%
127 Ubs Unbiseptium
2%
123 Ubt Unbitrium
2%
121 Ubu Unbiunium
2%
119 Uue Ununennium
2%
120 Ubn Unbinilium
1%
124 Ubq Unbiquadium
1%
Keine übereinstimmenden Quizze gefunden
Verteilung der Resultate
Anzahl Personen mit jedem Resultat
Perzentil nach korrekt beantworteten Fragen
Ihre Resultats-Entwicklung
Sie haben dieses Quiz noch nicht gespielt